Social cognition and individual change: (Record no. 1237)

MARC details
000 -LEADER
fixed length control field 007630000a22002410004500
003 - CONTROL NUMBER IDENTIFIER
control field LK-CoMWRAF
005 - DATE AND TIME OF LATEST TRANSACTION
control field 20231020125552.0
008 - FIXED-LENGTH DATA ELEMENTS--GENERAL INFORMATION
fixed length control field 230817t1993 ||||| |||| 00| 0 eng d
020 ## - INTERNATIONAL STANDARD BOOK NUMBER
International Standard Book Number 0803938845
040 ## - CATALOGING SOURCE
Original cataloging agency LK-CoMWRAF
Modifying agency LK-CoMWRAF
Description conventions LK-CoMWRAF
041 ## - LANGUAGE CODE
Language code of text/sound track or separate title English
082 ## - DEWEY DECIMAL CLASSIFICATION NUMBER
Classification number 362.3
Item number BRO
942 ## - ADDED ENTRY ELEMENTS (KOHA)
Koha item type Books
100 ## - MAIN ENTRY--PERSONAL NAME
Personal name Brower, Aron M.
700 ## - ADDED ENTRY--PERSONAL NAME
Personal name Nurius, Paula S.
245 ## - TITLE STATEMENT
Title Social cognition and individual change:
Remainder of title current theory and counseling guidelines
260 ## - PUBLICATION, DISTRIBUTION, ETC. (IMPRINT)
Place of publication, distribution, etc. New Delhi:
Name of publisher, distributor, etc. Sage publications,
Date of publication, distribution, etc. 1993
300 ## - PHYSICAL DESCRIPTION
Extent xv, 291 p. ; 23 cm.
Other physical details Bibliography and index included
490 ## - SERIES STATEMENT
Series statement Sage sourcebooks for the human services
Volume/sequential designation 26
650 ## - SUBJECT ADDED ENTRY--TOPICAL TERM
Topical term or geographic name as entry element COUNSELING
650 ## - SUBJECT ADDED ENTRY--TOPICAL TERM
Topical term or geographic name as entry element Social perception
650 ## - SUBJECT ADDED ENTRY--TOPICAL TERM
Topical term or geographic name as entry element Social service -Psychological aspects
Holdings
Withdrawn status Lost status Damaged status Not for loan Permanent Location Current Location Date acquired Full call number Barcode Koha item type
        Resource center, Muslim Women's Research And Action Forum Resource center, Muslim Women's Research And Action Forum 2023-08-17 362.3 BRO RAF1788 Books

Copyright © 2023 Muslim Women's Research and Action Forum (MWRAF), No 27/3, Anderson Road, Kalubowila, Dehiwela. Funded by The Asia Fundation